BIBLIOTECA

SENCICO

1000 ideas en diseño de jardines / (Registro nro. 9757)

Detalles MARC
000 -LEADER
Campo de control de longitud fija 01311nam a22002897a 4500
003 - IDENTIFICADOR DEL NÚMERO DE CONTROL
Campo de control PE SENCICO BE
005 - FECHA Y HORA DE LA ÚLTIMA TRANSACCIÓN
Campo de control 20260224165659.0
008 - ELEMENTOS DE LONGITUD FIJA - INFORMACIÓN GENERAL
Campo de control de longitud fija 251113b |||||||| |||| 00| 0 eng d
040 ## - FUENTE DE CATALOGACIÓN
Origen de catalogación PE SENCICO BE
Agencia que realiza la transcripción PE SENCICO BE
041 ## - CÓDIGO DE IDIOMA
Idioma del texto spa
082 ## - NÚMERO DE CLASIFICACIÓN DECIMAL DEWEY
Código de Clasificación Dewey 635
Notación Interna S42
100 1# - ASIENTO PRINCIPAL--NOMBRE PERSONAL
Autor Personal Serrats, Marta
9 (RLIN) 33
Término relacionado autor
245 1# - MENCIÓN DEL TITULO
Título 1000 ideas en diseño de jardines /
Mención de responsabilidad Marta Serrats ; editor: Simone K. Schleifer
250 ## - MENCIÓN DE EDICIÓN
Edición [1a ed.]
260 ## - PUBLICACIÓN, DISTRIBUCIÓN, ETC. (PIE DE IMPRENTA)
Lugar de publicación, distribución, etc. Barcelona :
Nombre de la Editorial, Distribuidor, etc. Lexus Editores,
Fecha de publicación, distribución, etc. 2012
300 ## - DESCRIPCIÓN FÍSICA
Paginación 419 páginas :
Otros detalles físicos ilustraciones ;
Dimensión 27 cm.
505 0# - NOTA DE CONTENIDO CON FORMATO PREESTABLECIDOE
Contenido o índice Usos y funciones del jardín -- Consejos para el diseño de jardines -- Propuestas ecológicas para el jardín -- Nuevas ideas como extensión de la vivienda -- Barbacoas y cocinas exteriores -- Consejos para decorar el jardín
520 3# - NOTA DE RESUMEN, ETC.
Resumen, etc. El jardín es un pedacito de naturaleza transformada por el hombre para integrarla en su entorno y disfrutar de ella. Igualmente, los jardines son una prolongación de la casa en el exterior, un espacio de esparcimiento y relajación.
650 10 - ASIENTO SECUNDARIO DE MATERIA - TERMINO TEMÁTICO
Término de tema o elemento de entrada de nombre geográfico Jardines
9 (RLIN) 4
650 20 - ASIENTO SECUNDARIO DE MATERIA - TERMINO TEMÁTICO
Término de tema o elemento de entrada de nombre geográfico Arquitectura paisajista
9 (RLIN) 427
650 20 - ASIENTO SECUNDARIO DE MATERIA - TERMINO TEMÁTICO
Término de tema o elemento de entrada de nombre geográfico Estructuras de jardines
9 (RLIN) 5
650 20 - ASIENTO SECUNDARIO DE MATERIA - TERMINO TEMÁTICO
Término de tema o elemento de entrada de nombre geográfico Iluminación
9 (RLIN) 328
650 20 - ASIENTO SECUNDARIO DE MATERIA - TERMINO TEMÁTICO
Término de tema o elemento de entrada de nombre geográfico Diseño de jardines
9 (RLIN) 2
700 1# - ASIENTO SECUNDARIO--NOMBRE PERSONAL
Autor Personal Schleifer, Simone
9 (RLIN) 34
Término de relación autor
910 ## - RESPONSABLE DEL REGISTRO
Coordinador de procesamiento de la información hfp
942 ## - ELEMENTOS DE KOHA
Fuente de clasificación o esquema de estanterías Dewey Decimal Classification
Tipo de documento Libros
999 ## -
-- 9757
-- 9757
Existencias
Estado Retiro Estado Perdido Sistema de Clasificación o Esquema de Estantería Estado Dañado No es para préstamo Ubicación Permanente Ubicación Actual Fecha de adquisición Total Checkouts Signatura topográfica completa Código de Barras Date last seen Precio efectivo desde Tipo de ítem
    Dewey Decimal Classification     Biblioteca Arequipa Biblioteca Arequipa 13/11/2025   635/S42 BibZareq25112516 13/11/2025 13/11/2025 Libros